Movimientos socioculturales en América Latina: ambientalismo, feminismo, pueblos originarios y poder empresarial

Shranjeno v:
Bibliografske podrobnosti
Glavni avtor: Calderón, Fernando (Author)
Format: Knjiga
Jezik:španščina
Izdano: Buenos Aires Siglo Veintiuno 2009
Izdaja:1a. ed
Serija:Cuadernos de Gobernabilidad Democrática, 4
Teme:
Oznake: Označite
Brez oznak, prvi označite!

MARC

LEADER 00000cam a2200000 a 4500
001 UCG5086
003 CL-VaPUC
008 110106e20090000AG |||||||||||||||||spa|d
020 |a 9789876290920 
082 0 4 |a 303.4  |b CAL  |2 21 
100 0 |a Calderón, Fernando  |e author  |9 554637 
245 1 0 |a Movimientos socioculturales en América Latina: ambientalismo, feminismo, pueblos originarios y poder empresarial 
250 |a 1a. ed 
300 |a 380 p 
942 |c BK 
945 |d 20110106 00:00:00  |a cmena 
260 |a Buenos Aires  |b Siglo Veintiuno  |c 2009 
650 0 |a Cambio social   |9 256857 
650 0 |a Antropología cultural y social   |9 265143 
650 0 |a Conflictos sociales   |9 372024 
650 0 |a Feminismo  |9 259085 
650 0 |a Poder político  |9 255509 
650 0 |a Pueblos indígenas   |9 357564 
650 7 |a EMPRESARIOS  |2 CL-VaPUC  |9 315086 
583 |a last modification  |c 20130518 01:06:08  |k Rodrigo Vera 
490 0 |a Cuadernos de Gobernabilidad Democrática, 4 
999 |c 343657  |d 343655 
952 |0 0  |1 0  |4 0  |6 303_400000000000000_CAL_2009  |7 0  |8 A  |9 441130  |a BIBGIM  |b BIBGIM  |d 2019-11-22  |i 474487K  |l 2  |o 303.4 CAL 2009  |p 474487K  |r 2025-01-15  |s 2020-03-05  |w 2019-11-22  |y BK  |k SSL 
952 |0 0  |1 0  |4 0  |6 303_400000000000000_CAL_2009  |7 0  |8 A  |9 441131  |a BIBGIM  |b BIBGIM  |d 2019-11-22  |i 491046K  |l 1  |o 303.4 CAL 2009  |p 491046K  |r 2025-01-15  |s 2020-03-04  |w 2019-11-22  |y BK  |k SSL 
952 |0 0  |1 0  |3 erb  |4 0  |6 303_400000000000000_CAL_2009  |7 0  |8 A  |9 441132  |a BIBING  |b BIBING  |i 5069688  |o 303.4 CAL 2009  |p 5069688  |r 2025-01-20  |w 2019-11-22  |y BK  |z Catalogado en:20140502  |k GEO